El pensamiento de Kropotkin (Record no. 13596)

MARC details
000 -LEADER
campo de control de longitud fija 00963nam a22003011i 4500
001 - NÚMERO DE CONTROL
campo de control 13596
003 - IDENTIFICADOR DE NÚMERO DE CONTROL
campo de control ES-MaACL
005 - FECHA Y HORA DE LA ÚLTIMA TRANSACCIÓN
campo de control 20250717065505.0
007 - CAMPO FIJO DE DESCRIPCIÓN FÍSICA--INFORMACIÓN GENERAL
campo de control de longitud fija t|
008 - DATOS DE LONGITUD FIJA--INFORMACIÓN GENERAL
campo de control de longitud fija 900725s1978 sp r ||||0| spa j
016 7# - NÚMERO DE CONTROL DE UNA AGENCIA BIBLIOGRÁFICA NACIONAL
Número de control cancelado/no válido IND9100129075
020 ## - NÚMERO INTERNACIONAL ESTÁNDAR DEL LIBRO
Número Internacional Estándar del Libro 84-317-0466-7
040 ## - FUENTE DE CATALOGACIÓN
Centro catalogador/agencia de origen M-BN
Lengua de catalogación spa
Centro/agencia transcriptor A2
080 ## - NÚMERO DE LA CLASIFICACIÓN DECIMAL UNIVERSAL
Número de la Clasificación Decimal Universal 92 Kropotkin, Petr Alekseevich
080 ## - NÚMERO DE LA CLASIFICACIÓN DECIMAL UNIVERSAL
Número de la Clasificación Decimal Universal 330.862(04)
100 1# - ENTRADA PRINCIPAL--NOMBRE DE PERSONA
Nombre de persona Cappelletti, Angel J.
9 (RLIN) 34893
245 13 - MENCIÓN DEL TÍTULO
Título El pensamiento de Kropotkin
Resto del título : ciencia, ética y anarquia /
Mención de responsabilidad, etc. Angel J. Cappelletti.
260 ## - PUBLICACIÓN, DISTRIBUCIÓN, ETC.
Lugar de publicación, distribución, etc. Bilbao :
Nombre del editor, distribuidor, etc. Zero,
Fecha de publicación, distribución, etc. 1978.
300 ## - DESCRIPCIÓN FÍSICA
Extensión 340 p. ;
Dimensiones 18 cm.
490 1# - MENCIÓN DE SERIE
Mención de serie Biblioteca promoción del pueblo ;
Designación de volumen o secuencia 25
500 ## - NOTA GENERAL
Nota general Referencias bibliográficas.
500 ## - NOTA GENERAL
Nota general Indice.
600 14 - PUNTO DE ACCESO ADICIONAL DE MATERIA--NOMBRE DE PERSONA
Nombre de persona Kropotkin, Piotr Alekseevich,
Fechas asociadas al nombre 1842-1921
9 (RLIN) 240800
650 #7 - PUNTO DE ACCESO ADICIONAL DE MATERIA--TÉRMINO DE MATERIA
Término de materia o nombre geográfico como elemento de entrada Anarquismo
Fuente del encabezamiento o término embne
9 (RLIN) 9783
830 0# - PUNTO DE ACCESO ADICIONAL DE SERIE-TÍTULO UNIFORME
Título uniforme Biblioteca promoción del pueblo ;
Designación de volumen o secuencia 25
9 (RLIN) 180624
852 ## - LOCALIZACIÓN
Ubicación ES-MaACL
Número de control de estantería L-20991
Sublocalización o colección R.118258
Holdings
Estatus retirado Estado de pérdida Estado de daño No para préstamo Biblioteca de origen Biblioteca actual Ubicación en estantería Fecha de adquisición Fuente de adquisición Total de préstamos Signatura topográfica completa Código de barras Visto por última vez Precio de reemplazo Tipo de ítem Koha
        Biblioteca del Ateneo de Madrid Biblioteca del Ateneo de Madrid Depósito 2 17/01/2008     L-20991 1013840 23/02/2023 23/02/2023 Libro impreso